| 000 | 00447nam a22001817a 4500 | ||
|---|---|---|---|
| 003 | MPLRDC | ||
| 005 | 20220104123514.0 | ||
| 008 | 210129b ||||| |||| 00| 0 eng d | ||
| 020 | _a957-718-105-8 | ||
| 082 | _a225 JX-2 c.2 | ||
| 100 | _a净心居士 | ||
| 245 |
_a妙法禅语 _c |
||
| 260 |
_a _b满庭芳出版社 _c1993 |
||
| 300 | _b平 | ||
| 490 | _a满庭芳丛书 | ||
| 650 | _a佛教佈教及信仰生活 | ||
| 942 |
_cBK _o225 JX-2 c.2 |
||
| 999 |
_c11968 _d11958 |
||